The Kidney : (Record no. 136267)

MARC details
000 -LEADER
fixed length control field 00851cam a2200289 a 4500
008 - FIXED-LENGTH DATA ELEMENTS--GENERAL INFORMATION
fixed length control field
020 ## - INTERNATIONAL STANDARD BOOK NUMBER
International Standard Book Number 0881677736 (set)
049 ## - LOCAL HOLDINGS (OCLC)
Holding library MAIN
090 ## - LOCALLY ASSIGNED LC-TYPE CALL NUMBER (OCLC); LOCAL CALL NUMBER (RLIN)
Classification number (OCLC) (R) ; Classification number, CALL (RLIN) (NR) REF RC903
Local cutter number (OCLC) ; Book number/undivided call number, CALL (RLIN) KID
003 - CONTROL NUMBER IDENTIFIER
control field
005 - DATE AND TIME OF LATEST TRANSACTION
control field 20230123125130.0
040 ## - CATALOGING SOURCE
Transcribing agency NUST
245 04 - TITLE STATEMENT
Title The Kidney :
Remainder of title physiology and pathophysiology /
Statement of responsibility, etc. edited by Donald W. Seldin...[et al]
250 ## - EDITION STATEMENT
Edition statement 2nd ed.
260 ## - PUBLICATION, DISTRIBUTION, ETC.
Place of publication, distribution, etc. New York :
Name of publisher, distributor, etc. Raven Press,
Date of publication, distribution, etc. c1992.
300 ## - PHYSICAL DESCRIPTION
Extent 3 v. (xxxi, 3816 p.) :
Other physical details ill. ;
Dimensions 29 cm.
650 #0 - SUBJECT ADDED ENTRY--TOPICAL TERM
Topical term or geographic name entry element Water-electrolyte imbalances.
650 #0 - SUBJECT ADDED ENTRY--TOPICAL TERM
Topical term or geographic name entry element Kidneys
General subdivision Diseases.
650 #0 - SUBJECT ADDED ENTRY--TOPICAL TERM
Topical term or geographic name entry element Kidneys.
700 ## - ADDED ENTRY--PERSONAL NAME
Personal name Giebisch ,Gerhard
700 ## - ADDED ENTRY--PERSONAL NAME
Personal name Seldin ,Donald
700 1# - ADDED ENTRY--PERSONAL NAME
Personal name Seldin, Donald W.
700 1# - ADDED ENTRY--PERSONAL NAME
Personal name Giebisch, Gerhard H.
700 1# - ADDED ENTRY--PERSONAL NAME
Personal name Dunn, Michael J.
907 ## - LOCAL DATA ELEMENT G, LDG (RLIN)
a .b10163360
b 03-02-12
c 16-05-05
942 ## - ADDED ENTRY ELEMENTS (KOHA)
Koha item type Ordinary Loan Books
Call number prefix REF RC903
Call number suffix KID
Holdings
Date last seen Total Checkouts Full call number Barcode Cost, replacement price Price effective from Koha item type Lost status Source of classification or shelving scheme Damaged status Not for loan Collection Withdrawn status Home library Current library Shelving location Date acquired Cost, normal purchase price
01/23/2023   REF RC903 KID 92004017315 80.00 01/23/2023 BOOKS   LCC     NFIC   MAIN MAIN GEN 01/23/2023 80.00